000 00685nam a2200253 i 4500
001 C2-0079772
003 PPAK
005 20180727083716.0
008 970429s1982 enka|||| ||||| | eng d
020 _a0435428365
040 _aPPAK
_beng
_cPPAK
_erda
082 0 4 _a746.4
_223
090 0 0 _a746.4
_bHAR
_dG
100 1 _aHartley, K. M.,
_eauthor
245 1 0 _aTopics and questions in needlework
264 1 _aLondon :
_bHeinemann Educational Books ,
_c1982
300 _a119 pages :
_billustrations ;
_c25 cm
336 _2rdacontent
_atext
337 _2rdamedia
_aunmediated
338 _2rdacarrier
_avolume
650 1 0 _aNeedlework.
700 _eauthor
942 _ddc
_cB
999 _c13749
_d13749